| 000 | 01027nas a2200277 4500 | ||
|---|---|---|---|
| 001 | BR8401611 | ||
| 003 | BR-BrBNA | ||
| 005 | 20231205085846.0 | ||
| 007 | ta | ||
| 008 | 230509b bl.|||p| |||| 00| 00por d | ||
| 040 |
_aBR-BrBNA _bpor _cBiblioteca Nacional de Agricultura |
||
| 041 | _a(Pt) | ||
| 072 | _aF25 | ||
| 100 | 1 | _aSmyth, T.J. | |
| 100 | 1 | _aBastos, J.B. | |
| 111 | 1 |
_a19. Congresso Brasileiro de Ciencias do Solo _cCuritiba, PR (Brazil) _d17 Jul 1983 |
|
| 245 | 1 | _aAlteracoes na fertilidade de um latossolo amarelo alico pela queima da vegetacao [Amazonas, Brasil] | |
| 246 | 1 | _aFertility changes in a typic acrorthox caused by clearing the vegetation using slash-and-burn methods [Amazonas, Brazil] | |
| 650 | _aLATOSSOLO AMARELO | ||
| 650 | _aQUEIMADA | ||
| 650 | _aVEGETACAO | ||
| 650 | _aFERTILIDADE DO SOLO | ||
| 773 | 0 |
_tRevista Brasileira de Ciencia do Solo (Brazil) _xISSN 0100-0683 _g(Jan 1984), v. 8(1) p. 127-132 _wBR8401611 |
|
| 909 |
_a202311 _bLúcia _c55 _dLúcia Elande |
||
| 942 |
_2AGRIS _n0 _cANA |
||
| 999 |
_c114324 _d114324 |
||